[Event "CP-2017-P-00020"]
[Site "LSS email"]
[Date "2017.09.27"]
[Round "?"]
[White "Sanchez Blanque, Antonio"]
[Black "Ilyin, Igor"]
[Result "0-1"]
[WhiteElo "1401"]
[BlackElo "2067"]
[PlyCount "38"]
[EventDate "2017.10.01"]
[EventType "tourn (corr)"]
[EventRounds "6"]
[EventCountry "GER"]
[SourceTitle "Corr 2022"]
[Source "ChessBase"]
[SourceDate "2021.10.24"]
[SourceVersion "1"]
[SourceVersionDate "2021.10.24"]
[SourceQuality "1"]

1. e4 c5 2. Nc3 Nc6 3. Nf3 g6 4. d4 cxd4 5. Nxd4 Bg7 6. Be3 d6 7. Be2 Nf6 8. Qd2 Ng4 9. Nxc6 bxc6 10. Bxg4 Bxg4 11. 0-0 0-0 12. Bd4 e5 13. Be3 Qe7 14. Bg5 f6 15. Be3 Be6 16. a3 Rfd8 17. Rfc1 d5 18. exd5 cxd5 19. Na4 d4 0-1

[Event "CP-2017-P-00020"]
[Site "LSS email"]
[Date "2017.09.27"]
[Round "?"]
[White "Sanchez Blanque, Antonio"]
[Black "Rosenthal, Alexander"]
[Result "0-1"]
[WhiteElo "1401"]
[BlackElo "1688"]
[PlyCount "42"]
[EventDate "2017.10.01"]
[EventType "tourn (corr)"]
[EventRounds "6"]
[EventCountry "GER"]
[SourceTitle "Corr 2022"]
[Source "ChessBase"]
[SourceDate "2021.10.24"]
[SourceVersion "1"]
[SourceVersionDate "2021.10.24"]
[SourceQuality "1"]

1. e4 c6 2. d4 d5 3. e5 Bf5 4. Nf3 e6 5. Be2 Ne7 6. c3 Ng6 7. 0-0 Be7 8. Nbd2 Nf4 9. Re1 Nxe2+ 10. Qxe2 Nd7 11. Nf1 0-0 12. Ng3 Bg6 13. Kh1 a5 14. b3 c5 15. Ba3 cxd4 16. Bxe7 Qxe7 17. Nxd4 Rac8 18. Rac1 Nc5 19. c4 Nd3 20. cxd5 Rxc1 21. Rxc1 Nxc1 0-1

[Event "LSS No Engine Cup 173 Preliminary 0"]
[Site "LSS email"]
[Date "2017.09.10"]
[Round "?"]
[White "Pliska, Miroslav"]
[Black "Sanchez Blanque, Antonio"]
[Result "1-0"]
[WhiteElo "1451"]
[BlackElo "1693"]
[PlyCount "69"]
[EventDate "2017.09.11"]
[EventType "tourn (corr)"]
[EventRounds "6"]
[EventCountry "GER"]
[SourceTitle "Corr 2022"]
[Source "ChessBase"]
[SourceDate "2021.10.24"]
[SourceVersion "1"]
[SourceVersionDate "2021.10.24"]
[SourceQuality "1"]

1. f4 g6 2. Nf3 Bg7 3. e3 Nc6 4. Bb5 Nf6 5. 0-0 0-0 6. Nc3 a6 7. Bxc6 bxc6 8. d3 d5 9. Ne5 c5 10. e4 d4 11. Ne2 Ng4 12. Nxg4 Bxg4 13. Qe1 e5 14. fxe5 Bxe5 15. Bf4 Qd6 16. Bxe5 Qxe5 17. Ng3 f5 18. exf5 Qxe1 19. Raxe1 Bxf5 20. Re5 c4 21. Nxf5 gxf5 22. Rfxf5 cxd3 23. cxd3 Rxf5 24. Rxf5 Re8 25. Kf2 Re3 26. Rf3 Re6 27. Rf4 Rb6 28. Rxd4 Rxb2+ 29. Kf3 Rxa2 30. Rd8+ Kf7 31. Rd7+ Kg6 32. Rxc7 a5 33. Ra7 a4 34. h3 a3 35. g4 1-0

[Event "SE-2017-0-00250"]
[Site "LSS email"]
[Date "2017.05.17"]
[Round "?"]
[White "Nemeth, Laszlo"]
[Black "Sanchez Blanque, Antonio"]
[Result "1-0"]
[WhiteElo "1268"]
[BlackElo "1447"]
[PlyCount "83"]
[EventDate "2017.02.27"]
[EventType "tourn (corr)"]
[EventRounds "6"]
[EventCountry "GER"]
[SourceTitle "Corr 2022"]
[Source "ChessBase"]
[SourceDate "2021.10.24"]
[SourceVersion "1"]
[SourceVersionDate "2021.10.24"]
[SourceQuality "1"]

1. d4 f5 2. Nc3 d5 3. Bf4 Nf6 4. e3 e6 5. Nf3 a6 6. Bd3 c5 7. 0-0 Nc6 8. a3 Bd6 9. dxc5 Bxc5 10. Ne2 0-0 11. b4 Bd6 12. Bxd6 Qxd6 13. c4 Ne5 14. Nxe5 Qxe5 15. cxd5 Ng4 16. g3 Qxd5 17. Rc1 b5 18. Nc3 Qd6 19. h3 Ne5 20. Be2 Rd8 21. Qxd6 Rxd6 22. Rfd1 Rd7 23. f4 Nc4 24. Bxc4 bxc4 25. Kf2 Kf7 26. Na4 Rc7 27. Rd4 Bd7 28. Nb6 Rd8 29. Nxd7 Rcxd7 30. Rcxc4 Ke7 31. Rxd7+ Rxd7 32. Kf3 Rd3 33. a4 Kd6 34. Rd4+ Rxd4 35. exd4 Kc6 36. Ke3 h5 37. Kd3 Kd5 38. b5 a5 39. Kc3 g6 40. h4 Kd6 41. Kc4 Kd7 42. Kc5 1-0

[Event "CP-2016-P-00017"]
[Site "LSS email"]
[Date "2016.09.27"]
[Round "?"]
[White "Dogan, Ahmet"]
[Black "Sanchez Blanque, Antonio"]
[Result "1-0"]
[WhiteElo "1705"]
[BlackElo "1388"]
[PlyCount "47"]
[EventDate "2016.10.01"]
[EventType "tourn (corr)"]
[EventRounds "6"]
[EventCountry "GER"]
[SourceTitle "Corr 2022"]
[Source "ChessBase"]
[SourceDate "2021.10.24"]
[SourceVersion "1"]
[SourceVersionDate "2021.10.24"]
[SourceQuality "1"]

1. Nf3 f5 2. g3 b6 3. Bg2 Bb7 4. 0-0 Nf6 5. c4 e6 6. d4 Be7 7. Nc3 0-0 8. d5 Qe8 9. Nd4 Bb4 10. Ncb5 Na6 11. Nc2 Bc5 12. b4 Be7 13. d6 Bxg2 14. dxe7 Bxf1 15. exf8Q+ Kxf8 16. Kxf1 Qh5 17. Kg2 Ng4 18. h4 g5 19. Bxg5 d6 20. f3 Ne5 21. Nxc7 Nxc7 22. Qxd6+ Kg8 23. Qxc7 Nf7 24. Qc6 1-0

[Event "LSS No Engine Cup 159 Preliminary 0"]
[Site "LSS email"]
[Date "2016.09.13"]
[Round "?"]
[White "Pech, Matej"]
[Black "Sanchez Blanque, Antonio"]
[Result "1-0"]
[WhiteElo "1652"]
[BlackElo "1600"]
[PlyCount "47"]
[EventDate "2016.09.14"]
[EventType "tourn (corr)"]
[EventRounds "6"]
[EventCountry "GER"]
[SourceTitle "Corr 2022"]
[Source "ChessBase"]
[SourceDate "2021.10.24"]
[SourceVersion "1"]
[SourceVersionDate "2021.10.24"]
[SourceQuality "1"]

1. d4 f5 2. c4 e6 3. Nc3 Nf6 4. Nf3 d6 5. Qc2 Be7 6. e4 fxe4 7. Nxe4 d5 8. Nxf6+ Bxf6 9. cxd5 exd5 10. Bd3 g6 11. Bh6 Qe7+ 12. Kf1 Be6 13. Rc1 c6 14. h4 Bg7 15. Bxg7 Qxg7 16. Re1 Kd7 17. h5 Na6 18. Bxa6 bxa6 19. Ne5+ Ke7 20. Qxc6 Rhc8 21. Nxg6+ hxg6 22. Qxe6+ Kf8 23. hxg6 Re8 24. Rh8+ 1-0